[Event "Aragon-chT Preferente Gr I"]
[Site "Aragon"]
[Date "2022.02.12"]
[Round "3.44"]
[White "Martinez Ramis, Rafael"]
[Black "Martinez Blanco, Ruben"]
[Result "1-0"]
[WhiteElo "1362"]
[BlackElo "1051"]
[PlyCount "81"]
[EventDate "2022.01.29"]
[EventType "team-tourn"]
[EventRounds "9"]
[EventCountry "ESP"]
[SourceTitle "EXT 2024"]
[Source "ChessBase"]
[SourceDate "2023.10.10"]
[SourceVersion "1"]
[SourceVersionDate "2023.10.10"]
[SourceQuality "1"]
[WhiteTeam "Casablanca MyInvestor II"]
[BlackTeam "Delicias II"]
[WhiteTeamCountry "ESP"]
[BlackTeamCountry "ESP"]

1. c4 c5 2. Nc3 Nc6 3. g3 g6 4. Bg2 Bg7 5. d3 e5 6. Nf3 Nge7 7. 0-0 0-0 8. Rb1 d6 9. Ne1 f5 10. Bg5 h6 11. Bxe7 Nxe7 12. e3 g5 13. Nc2 f4 14. exf4 exf4 15. d4 g4 16. gxf4 Ng6 17. Nd5 Nxf4 18. Nxf4 Rxf4 19. dxc5 Qf6 20. cxd6 Bf5 21. b3 Rf8 22. d7 Rd8 23. Qd2 Be6 24. Bd5 Rf5 25. Rfe1 Bxd5 26. cxd5 Rxd7 27. Ne3 Rf3 28. Kg2 h5 29. Rbc1 Qh4 30. Rc8+ Rd8 31. Rxd8+ Qxd8 32. d6 Rh3 33. Qd5+ Kh8 34. Nf5 Bf8 35. Qf7 Qc8 36. Qd5 Qd7 37. Qe5+ Kg8 38. Rc1 Rf3 39. Ne7+ Kh7 40. Qxh5+ Bh6 41. Qg6+ 1-0